| 000 | 01125cab a22002055a 4500 | ||
|---|---|---|---|
| 001 | L155533 | ||
| 008 | 120327e2012 xxk 000 0 eng d | ||
| 035 | _a(Sirsi) u155533 | ||
| 041 | 0 | _aeng | |
| 100 | 1 | _aStewart, Sarah | |
| 245 | 0 | 0 |
_aMarkets _bEast Anglia and Essex |
| 260 | _c2012 | ||
| 490 | 0 |
_aProperty Week _v78(12) 23 March 2012, 45-56(5) |
|
| 520 | _aProperty tycoons, the Livingstone brothers, are in talks to buy the Crowne Plaza hotel in Cambridge. CPO issues might delay Wrenbridge's Laindon Shopping Centre redevelopment in Basildon. Urban and Civic is given the go-ahead for the first phase of it new town in Alconbury near Huntingdon. East of England Property Forum held its inaugural meeting. Trinity College, the wealthiest of the 31 Cambridge colleges with a £800m property portfolio, has acquired supermarket property for the first time. LaSalle Investment outlines its plans for the struggling 130 000 sq ft Tower Ramparts shopping centre in Ipswich bought in December 2011. | ||
| 590 | _aKA | ||
| 651 | 4 | _aEast Anglia | |
| 651 | 4 | _aEssex | |
| 690 |
_aCommercial property _96227 |
||
| 942 | _n0 | ||
| 999 |
_c83875 _d83875 |
||